000 00547nam a2200205Ia 4500
005 20250707103453.0
008 008 250516s9999 xx 000 0 hin d
020 _a9789392998973
040 _beng
_cSDCL
041 _ahin
_2hin
084 _aNW2 R4
100 _aRma
245 0 _aYadon mein atki filmein
246 _aयादों में अटकी फ़िल्में
260 _aDelhi :
_bNayee Kitab Prakashan,
_c2024.
300 _a112p.
490 _aHindi cineyatra
650 _aHindi
942 _cTEXL
_2CC
999 _c1429316
_d1429316